Tonio Kröger / (Record no. 96839)

MARC details
000 -LEADER
campo de control de longitud fija 00603nam a2200205 i 4500
001 - NÚMERO DE CONTROL
campo de control 96839
003 - IDENTIFICADOR DE NÚMERO DE CONTROL
campo de control ES-MaACL
005 - FECHA Y HORA DE LA ÚLTIMA TRANSACCIÓN
campo de control 20250316204107.0
007 - CAMPO FIJO DE DESCRIPCIÓN FÍSICA--INFORMACIÓN GENERAL
campo de control de longitud fija t|
008 - DATOS DE LONGITUD FIJA--INFORMACIÓN GENERAL
campo de control de longitud fija 050701s1955 sp ||||1| cat d
100 0# - ENTRADA PRINCIPAL--NOMBRE DE PERSONA
Nombre de persona Mann, Thomas,
Fechas asociadas al nombre 1875-1955
9 (RLIN) 76055
245 10 - MENCIÓN DEL TÍTULO
Título Tonio Kröger /
Mención de responsabilidad, etc. Thomas Mann; traducció directa de l'alemany de Guillem Nadal.
260 ## - PUBLICACIÓN, DISTRIBUCIÓN, ETC.
Lugar de publicación, distribución, etc. Palma de Mallorca :
Nombre del editor, distribuidor, etc. Moll,
Fecha de publicación, distribución, etc. 1955.
300 ## - DESCRIPCIÓN FÍSICA
Extensión 128 p. ;
Dimensiones 15 cm.
490 1# - MENCIÓN DE SERIE
Mención de serie Raixa
700 1# - ENTRADA AGREGADA--NOMBRE PERSONAL
Nombre de persona Nadal, Guillem.
9 (RLIN) 84794
830 0# - PUNTO DE ACCESO ADICIONAL DE SERIE-TÍTULO UNIFORME
Título uniforme Raixa
9 (RLIN) 181953
852 ## - LOCALIZACIÓN
Ubicación ES-MaACL
Número de control de estantería C-14317
Sublocalización o colección R.38273
Holdings
Estatus retirado Estado de pérdida Estado de daño No para préstamo Biblioteca de origen Biblioteca actual Ubicación en estantería Fecha de adquisición Fuente de adquisición Total de préstamos Signatura topográfica completa Código de barras Visto por última vez Precio de reemplazo Tipo de ítem Koha
        Biblioteca del Ateneo de Madrid Biblioteca del Ateneo de Madrid Sala Palomar 17/01/2008     C-14317 1101100 23/02/2023 23/02/2023 Libro impreso